Представление документа в формате RUSMARC

ПолеНазваниеЗначение
  Тип записи a
  Библиографический уровень c
001 Контрольный номер RU/IS/BASE/443546243
005 Дата корректировки 20201206204910.2
010 Индекс ISBN __
a ISBN 978-5-89988-992-5
d Цена 110-00
101 Язык документа 0_
a Язык текста rus
200 Заглавие и сведения об ответственности 1_
a Заглавие О реке, о любви и не только...
e Сведения, относящиеся к заглавию [стихи, рассказы]
f Первые сведения об ответственности Юрий Вэлла. Без возврата / Юрий Меньшов
b Общее обозначение материала Текст
210 Выходные данные __
a Место издания Нижневартовск
c Издательство Издательство Нижневартовского гуманитарного университета
d Дата издания 2013
215 Физическое описание __
a Объем 80 с.
c Иллюстрации/тип воспроизводства [9] л. цв. ил.
300 Общие примечания __
a Общие примечания Кн.-перевертыш
a Общие примечания Кн. с двойным входом
a Общие примечания На обл.: Сокурсники: диалоги
327 Примечание о содержании __
a Примечание о содержании Сверху-вниз / Ю. Меньшов
327 Примечание о содержании __
a Примечание о содержании Без возврата / Ю. Меньшов
327 Примечание о содержании __
a Примечание о содержании Русское кладбище / Ю. Меньшов
327 Примечание о содержании __
a Примечание о содержании Песни хозяйки Агана : отр. / Ю. Вэлла
327 Примечание о содержании __
a Примечание о содержании О грехе / Ю. Вэлла
327 Примечание о содержании __
a Примечание о содержании Весенний триптих / Ю. Вэлла
327 Примечание о содержании __
a Примечание о содержании Что со мной происходит / Ю. Вэлла
327 Примечание о содержании __
a Примечание о содержании Оленевод / Ю. Вэлла
327 Примечание о содержании __
a Примечание о содержании Ысчетка-шаманишка и другие... : триптих из кн. "Белые крики" / Ю. Вэлла
327 Примечание о содержании __
a Примечание о содержании Замазученный триптих : из кн. "Триптихи" / Ю. Вэлла
327 Примечание о содержании __
a Примечание о содержании Спой мне песню, Ланэй! : из кн. "Белые крики" / Ю. Вэлла
327 Примечание о содержании __
a Примечание о содержании На святом бору : из кн. "Белые крики" / Ю. Вэлла
327 Примечание о содержании __
a Примечание о содержании Одиночество : из кн. "Белые крики" / Ю. Вэлла
327 Примечание о содержании __
a Примечание о содержании Кричали над стойбищем чайки : триптих из кн. "Земля Любви" / Ю. Вэлла
327 Примечание о содержании __
a Примечание о содержании Размышления после Медвежьего Игрища (триптих) / Ю. Вэлла
327 Примечание о содержании __
a Примечание о содержании В дорогу / Ю. Вэлла
327 Примечание о содержании __
a Примечание о содержании Возвращение / Ю. Вэлла
330 Аннотация __
a Аннотация Юрий Вэлла (Айваседа) и Юрий Меньшов - сокурсники по Литературному институту им. А. М. Горького, выпуск 1988 года. В этой книге собеседники общаются на разных творческих языках, Вэлла - поэт, а Меньшов - прозаик. Что из этого получилось, судить тебе, читатель.
333 Примечание о целевом назначении __
a Примечание о целевом назначении 12+. Для детей старше 12 лет
517 Другие варианты заглавия __
a Другие варианты заглавия Без возврата
517 Другие варианты заглавия __
a Другие варианты заглавия Сокурсники: диалоги
606 Тематические рубрики __
a Основная рубрика Художественная литература
606 Тематические рубрики __
a Основная рубрика Литература народов России (произведения)
606 Тематические рубрики __
a Основная рубрика Современная русская литература (произведения)
610 Ключевые слова __
a Ключевые слова краеведение; поэзия; стихи; стихотворения; проза; рассказы; ненецкая литература; прозаические произведения; тема русских; тема перестройки; тема СССР; тема тундры; тема философии; тема природы; тема человека; тема жизни; тема народа; тема животных; тема любви; триптихи
686 Индексы других классификаций __
a Классификационный индекс К84(2=667.1)6-5;
686 Индексы других классификаций __
a Классификационный индекс 84(2=411.2)6-4; стК84(2Рос=Нен)6-5 + ст84(2Рос=Рус)6-4
700 Автор _1
a Фамилия Вэлла
b Имя Ю. К.
g Полное личное имя Юрий Кылевич
4 Код отношения 070
701 Альтернативная интеллектуальная ответственность _1
a Фамилия Меньшов
b Имя Ю.
4 Код отношения 070
801 Источник записи _0
a Страна RU
b Организация Муниципальное бюджетное учреждение культуры "Централизованная библиотечная система" г. Сургут (Центральная городская библиотека им. А. С. Пушкина)
g Правила каталогизации КиК/Апакова
801 Источник записи _1
a Страна RU
b Организация Муниципальное бюджетное учреждение культуры "Централизованная библиотечная система" г. Сургут (Центральная городская библиотека им. А. С. Пушкина)
g Правила каталогизации КиК/Апакова
852 Данные о местонахождении __
j Шифр хранения К84(2=667.1)6-5
i Авторский знак В 97
901 Тип документа __
t Тип документа x
903 Характеристики (МАРС) __
a Дата передачи 20140120
969 Тип издания __
a Тип издания книга-перевертыш
990 Данные о заказе (DOS) __
j Количество экземпляров (DOS) 5
t N записи в КСУ для И/У (DOS) 201401